| 000 | 00603nam a2200205 i 4500 | ||
|---|---|---|---|
| 001 | 47575 | ||
| 003 | ES-MaACL | ||
| 005 | 20240417063032.0 | ||
| 007 | t| | ||
| 008 | 030506s1916 sp ||||1| spa d | ||
| 080 | _a821.134.2-32"19" | ||
| 100 | 1 |
_aMarquina, Eduardo, _d1879-1946 _977043 |
|
| 245 | 1 | 3 |
_aLa misa azul _b: novela inédita / _cpor Eduardo Marquina. |
| 260 |
_aMadrid : _b[s.n.], _c1916. |
||
| 300 |
_a34 p. ; _c19 cm. |
||
| 490 | 1 |
_aLa novela corta ; _v29 |
|
| 830 | 0 |
_aLa novela corta ; _v29 _9182142 |
|
| 852 |
_aES-MaACL _jG-4948(29) _bR.132489 |
||
| 999 |
_c47575 _d47575 |
||